Miasta wojewódzkie w latach 1975-1998 - Nagła śmierć - Statystyki

Ogólne statystyki
  • Ten quiz został rozwiązany 859 razy
  • Średni wynik to 16 z 49
Answers on the Grid
Answers color-coded by a green-red scale on the quiz's grid according to % correct below.
Szczecin
Koszalin
Słupsk
Gdańsk
Elbląg
Olsztyn
Suwałki
Gorzów Wielkopolski
Piła
Bydgoszcz
Toruń
Ciechanów
Ostrołęka
Łomża
Białystok
Zielona Góra
Poznań
Konin
Włocławek
Płock
Skierniewice
Warszawa
Siedlce
Biała Podlaska
Jelenia Góra
Legnica
Leszno
Wrocław
Kalisz
Sieradz
Łódź
Piotrków Trybunalski
Radom
Lublin
Chełm
Wałbrzych
Opole
Częstochowa
Kielce
Tarnobrzeg
Zamość
Katowice
Kraków
Tarnów
Rzeszów
Przemyśl
Bielsko-Biała
Nowy Sącz
Krosno
Gdynia
Malbork
Stargard
Kołobrzeg
Chojnice
Ełk
Iława
Augustów
Siemiatycze
Żary
Gniezno
Nowy Tomyśl
Środa Wielkopolska
Grudziądz
Inowrocław
Tomaszów Mazowiecki
Bełchatów
Kutno
Pruszków
Mława
Sochaczew
Wiskitki
Skarżysko-Kamienna
Końskie
Puławy
Biłgoraj
Kraśnik
Nowa Sól
Zambrów
Krotoszyn
Chełmno
Zgorzelec
Ostrowiec Świętokrzyski
Oleśnica
Głogów
Lubin
Kędzierzyn-Koźle
Brzeg
Siemianowice Śląskie
Piekary Śląskie
Tychy
Rybnik
Gliwice
Będzin
Cieszyn
Oświęcim
Wieliczka
Chrzanów
Stalowa Wola
Ropczyce
Świdnica
 
Statystyki odpowiedzi
Odpowiedź % Poprawnych
Katowice
44%
Łódź
44%
Kraków
43%
Szczecin
43%
Wrocław
43%
Poznań
42%
Warszawa
42%
Białystok
41%
Częstochowa
41%
Opole
41%
Gdańsk
40%
Kielce
40%
Lublin
40%
Olsztyn
39%
Toruń
39%
Zielona Góra
38%
Bydgoszcz
37%
Radom
36%
Rzeszów
36%
Gorzów Wielkopolski
34%
Bielsko-Biała
33%
Koszalin
32%
Płock
32%
Tarnów
32%
Wałbrzych
32%
Elbląg
30%
Kalisz
30%
Suwałki
30%
Piła
29%
Słupsk
29%
Jelenia Góra
27%
Legnica
27%
Nowy Sącz
27%
Włocławek
27%
Zamość
27%
Przemyśl
26%
Siedlce
26%
Piotrków Trybunalski
25%
Krosno
24%
Leszno
24%
Łomża
24%
Tarnobrzeg
23%
Chełm
22%
Skierniewice
22%
Biała Podlaska
21%
Konin
21%
Ostrołęka
20%
Sieradz
17%
Ciechanów
16%
Nie znaleziono quizów pasujących do podanych kryteriów
Rozkład punktacji
Procent ludzi z każdym wynikiem
Percentyl według liczby udzielonych odpowiedzi
Twoja historia wyników
Nie rozwiązałeś tego quizu